LEADER 03833nam 2200457I 450 001 9910511374103321 005 20210208153912.0 010 $a1-351-17797-4 010 $a1-351-17969-1 010 $a1-351-17883-0 035 $a(CKB)4100000004819332 035 $a(MiAaPQ)EBC5844228 035 $a(OCoLC)1035762712 035 $a(EXLCZ)994100000004819332 100 $a20180611h20182009 uy 0 101 0 $aeng 135 $aurcnu|||||||| 181 $ctxt$2rdacontent 182 $cc$2rdamedia 183 $acr$2rdacarrier 200 00$aGreen community /$fedited by Susan Piedmont-Palladino and Timothy Mennel 210 1$aBoca Raton, FL :$cRoutledge, an imprint of Taylor and Francis,$d[2018]. 210 4$dİ2009. 215 $a1 online resource (193 pages) $cillustrations (some color), maps 300 $aIncludes index. 311 $a0-367-33015-6 311 $a1-932364-74-9 327 $tpart The Green Community in Context -- $tchapter The Sustainable City: A Mythical Beast? /$rPeter Hall -- $tpart Density and Transportation -- $tchapter Round, Round, Get Around: Reducing Transportation Burdens in the Green Community /$rF. Kaid Benfield -- $tchapter Introduction to Connectivity /$rFred Hansen -- $tchapter Creating the Planning and Infrastructure Framework for Mixed Use Mixed Income Transit-Oriented and Urban-Infill Development /$rJonathan Rose -- $tchapter Sustainable Megapolitan: How Large-Scale Urban Development Can Help Green America /$rRobert E. Lang -- $tpart Conservation and Preservation -- $tchapter Green Communities and the Redefining of Community Wealth /$rTimothy Beatley -- $tchapter Finding Common Ground: Historic Preservation and Green Building /$rRichard Moe -- $tchapter Managing Development to Create Sustainable Communities /$rDouglas R. Porter -- $tpart Energy and Resources -- $tchapter Energy and Communities /$rWilliam Browning -- $tchapter The Spillover Effects of Growing Crops for Biofuels /$rScott ?. Malcolm -- $tchapter Green Infrastructure for Blue Urban Watersheds /$rMary Rickel Pelletier -- $tchapter Local Sustainable Energy Sources /$rErica Heller -- $tpart Local Health and Global Health -- $tchapter Healthy Communities, Green Communities /$rHoward Frumkin -- $tchapter Climate Change and Public Health /$rJames A. Lagro -- $tchapter Toward Sitopia /$rCarolyn Steel -- $tchapter The Impact of the Built Environment on Health ? The Brain's Stress Response and the Brain-Immune Connection: Implications for Health Care and Urban Design /$rEsther M. Sternberg -- $tpart Conclusion -- $tchapter Conclusion /$rEarl Blumenauer. 330 3 $aThe health of our planet and ourselves depends on how we plan, design, and construct the world between our buildings. Our increasing dependence on fossil fuels over the last century has given us unprecedented individual mobility and comfort, but the consequences are clear. Climate change, sprawl, and reliance on foreign oil are just a few of the challenges we face in designing new-and adapting existing-communities to be greener. Based on the National Building Museum's Green Community exhibition, this book is a collection of thought-provoking essays that illuminate the connections among personal health, community health, and our planet's health. Green Community brings together diverse experts, each of whom has a unique approach to sustainable planning, design, politics, and construction. 606 $aCity planning$xEnvironmental aspects$zUnited States 608 $aElectronic books. 615 0$aCity planning$xEnvironmental aspects 676 $a307.12160973 702 $aMennel$b Timothy 702 $aPiedmont-Palladino$b Susan 801 0$bFlBoTFG 801 1$bFlBoTFG 906 $aBOOK 912 $a9910511374103321 996 $aGreen community$92548992 997 $aUNINA LEADER 04473nam 22007335 450 001 9910792485903321 005 20200701152957.0 010 $a3-662-03746-7 024 7 $a10.1007/978-3-662-03746-1 035 $a(CKB)2660000000027011 035 $a(SSID)ssj0000962489 035 $a(PQKBManifestationID)11547592 035 $a(PQKBTitleCode)TC0000962489 035 $a(PQKBWorkID)10970226 035 $a(PQKB)11761013 035 $a(DE-He213)978-3-662-03746-1 035 $a(MiAaPQ)EBC3098170 035 $a(PPN)238078299 035 $a(EXLCZ)992660000000027011 100 $a20130430d1999 u| 0 101 0 $aeng 135 $aurnn|008mamaa 181 $ctxt 182 $cc 183 $acr 200 10$aAnalysis of the Composition and Structure of Glass and Glass Ceramics$b[electronic resource] /$fedited by Hans Bach, Dieter Krause 205 $a1st ed. 1999. 210 1$aBerlin, Heidelberg :$cSpringer Berlin Heidelberg :$cImprint: Springer,$d1999. 215 $a1 online resource (XVIII, 528 p.) 225 1 $aSchott Series on Glass and Glass Ceramics, Science, Technology, and Applications,$x1431-7907 300 $aBibliographic Level Mode of Issuance: Monograph 311 $a3-540-58610-5 311 $a3-642-08207-6 320 $aIncludes bibliographical references and index. 327 $a1. Overview -- 2. The Chemical Analysis of Glasses, Glass Ceramics, and Related Materials -- 3. The Quasi-Static Structure of Oxide Glasses -- 4. Dynamics of the Glass Structure -- 5. Chemical Resistance and Corrosion, and Ion Release -- 6. Analysis and Diagnosis of Local Defects -- List of Contributors -- Sources of Figures and Tables. 330 $aThis book is one of a series reporting on international research and development activities conducted by the Schott Group companies. With the series Schott aims to provide an overview of its activities for scientists, engineers, and managers from all branches of industry worldwide where glass and glass ceramics are of interest. Each volume begins with a chapter providing a general idea of the current problems, results, and trends relating to the subject treated. This volume lays the foundations for - supervision of production processes, including raw materials, evaporation from the melt, exhaust gases, and environmental concerns; - troubleshooting in case of glass defects in combination with research for the design of faultless (in the ppm range) or at least high-yield processes; - understanding the origin of customer complaints because of unfulfilled expectations concerning material properties or product behaviour. The book is conceived as a monograph. The individual chapters, however, are written by leading Schott experts on the corresponding subjects. Many figures, tables, and examples are chosen to introduce the reader to thin-film science and technology. 410 0$aSchott Series on Glass and Glass Ceramics, Science, Technology, and Applications,$x1431-7907 606 $aCondensed matter 606 $aEngineering 606 $aAnalytical chemistry 606 $aMaterials science 606 $aPhysical chemistry 606 $aCondensed Matter Physics$3https://scigraph.springernature.com/ontologies/product-market-codes/P25005 606 $aEngineering, general$3https://scigraph.springernature.com/ontologies/product-market-codes/T00004 606 $aAnalytical Chemistry$3https://scigraph.springernature.com/ontologies/product-market-codes/C11006 606 $aCharacterization and Evaluation of Materials$3https://scigraph.springernature.com/ontologies/product-market-codes/Z17000 606 $aPhysical Chemistry$3https://scigraph.springernature.com/ontologies/product-market-codes/C21001 615 0$aCondensed matter. 615 0$aEngineering. 615 0$aAnalytical chemistry. 615 0$aMaterials science. 615 0$aPhysical chemistry. 615 14$aCondensed Matter Physics. 615 24$aEngineering, general. 615 24$aAnalytical Chemistry. 615 24$aCharacterization and Evaluation of Materials. 615 24$aPhysical Chemistry. 676 $a530.41 702 $aBach$b Hans$4edt$4http://id.loc.gov/vocabulary/relators/edt 702 $aKrause$b Dieter$4edt$4http://id.loc.gov/vocabulary/relators/edt 906 $aBOOK 912 $a9910792485903321 996 $aAnalysis of the Composition and Structure of Glass and Glass Ceramics$93732491 997 $aUNINA